Fantasmas de lo nuevo /

Guardado en:
Autor Principal: Bradbury, Ray
Formato: Libro
Publicado: Buenos Aires : Minotauro, 1969
Materias:
Etiquetas: Agregar Etiqueta
Sin Etiquetas, Sea el primero en etiquetar este registro!
LEADER 01072nam a22002175a 4500
001 CEM.cems012910
005 20080611122923.0
008 130507s1969##################000#0#####d
003 CEMS
082 0 4 |a 818.5 
100 1 |a Bradbury, Ray 
245 1 0 |a Fantasmas de lo nuevo /  |c Ray Bradbury 
260 |a Buenos Aires :  |b Minotauro,  |c 1969 
300 |a 297 p. 
505 0 |a El invento Kilimanjaro -- Terrible conflagración en la casa -- El niño de mañana -- Las mujeres -- El motel de la gallina inspirada -- Viento de Gettysburg -- Sí, nos reuniremos en el río -- El viento frío y el viento caliente -- Llamada nocturna -- Fantasmas de lo nuevo -- Canto el cuerpo eléctrico -- El día de las tumbas -- Los amigos de Nicholas Nickleby -- El pesado -- El hombre de la camisa Rorschach -- Enrique Noveno -- La ciudad perdida de Marte -- Cristo Apolo 
653 |a Literatura 
653 |a Literatura norteamericana 
653 |a Literatura eeuu 
653 |a Cuentos 
653 |a Cuentos norteamericanos 
859 |a CEMS  |b BIB. CEMS - 11 de abril  |h 818.5  |i B726-7  |p 25201.08  |t Ej.1